[Event "Warsaw Four Seasons op 2nd"]
[Site "Warsaw"]
[Date "2011.??.??"]
[Round "6"]
[White "Kozakow, Mikolaj"]
[Black "Eggink, Ryszard"]
[Result "1/2-1/2"]
[WhiteElo "1581"]
[BlackElo "1986"]
[PlyCount "104"]
[EventDate "2011.11.26"]
[EventType "swiss"]
[EventRounds "9"]
[EventCountry "POL"]
[SourceTitle "EXT 2014"]
[Source "ChessBase"]
[SourceDate "2013.11.20"]
[SourceVersion "1"]
[SourceVersionDate "2013.11.20"]
[SourceQuality "1"]

1. e4 c5 2. g3 d6 3. Bg2 g6 4. Ne2 Bg7 5. c3 Nf6 6. d3 Nc6 7. 0-0 d5 8. Bg5 dxe4 9. dxe4 Qxd1 10. Rxd1 Bg4 11. Bxf6 Bxf6 12. f3 Bd7 13. f4 0-0-0 14. Kf2 h5 15. Nd2 h4 16. e5 Bg7 17. Ne4 b6 18. Ng5 hxg3+ 19. hxg3 Rdf8 20. e6 fxe6 21. Rxd7 Kxd7 22. Rd1+ Nd4 23. cxd4 c4 24. Bh3 Rf6 25. d5 Rh5 26. Kg2 Rf8 27. Nxe6 Rfh8 28. Ng1 Bxb2 29. Nd4+ Kd6 30. Be6 Rh2+ 31. Kf3 Bxd4 32. Rxd4 Kc5 33. Re4 c3 34. Ne2 c2 35. Nc1 b5 36. Nb3+ Kb6 37. Re2 a5 38. Bf7 a4 39. Re6+ Ka7 40. Rxe7+ Ka8 41. Nc1 Rh1 42. Nd3 Rd1 43. Rc7 Rxd3+ 44. Kg4 Rh2 45. Bxg6 Rd1 46. Bxc2 Rc1 47. d6 Kb8 48. Bxa4 Rxc7 49. dxc7+ Kxc7 50. Bxb5 Rxa2 51. Bc4 Rc2 52. Bd3 Rc6 1/2-1/2

[Event "Warsaw Ursus op 4th"]
[Site "Warsaw"]
[Date "2010.06.05"]
[Round "5"]
[White "Pastuszko, Kinga"]
[Black "Kozakow, Mikolaj"]
[Result "0-1"]
[WhiteElo "1836"]
[BlackElo "1533"]
[PlyCount "112"]
[EventDate "2010.05.29"]
[EventType "swiss"]
[EventRounds "9"]
[EventCountry "POL"]
[SourceTitle "CBM 136 Extra"]
[Source "ChessBase"]
[SourceDate "2010.07.02"]
[SourceVersion "2"]
[SourceVersionDate "2010.07.15"]
[SourceQuality "1"]

1. e4 e5 2. Nf3 Nc6 3. Bc4 Nf6 4. d4 exd4 5. e5 d5 6. Bb5 Nd7 7. Bf4 Bc5 8. 0-0 0-0 9. Bxc6 bxc6 10. Nxd4 Bxd4 11. Qxd4 Qe7 12. Nc3 Rb8 13. b3 Rb4 14. Qd2 Qc5 15. Na4 Qd4 16. Qxd4 Rxd4 17. Be3 Re4 18. Bxa7 Rxe5 19. Nc5 Nxc5 20. Bxc5 Rfe8 21. c3 Ba6 22. Rfd1 f6 23. h3 Kf7 24. Bd4 Re2 25. Be3 Rb2 26. Rdb1 Rc2 27. Rc1 Rb2 28. Rd1 Rc2 29. c4 dxc4 30. Rd7+ Re7 31. Rxe7+ Kxe7 32. Bc5+ Kf7 33. b4 c3 34. Rd1 Rd2 35. Rc1 c2 36. Kh2 Bd3 37. a4 Rd1 38. Be3 h6 39. h4 Ke6 40. a5 Kd5 41. Kg3 Kc4 42. a6 Bh7 43. a7 Rd8 44. Ra1 Ra8 45. Bd2 Kb3 46. Be3 Kxb4 47. f4 Be4 48. Kf2 c5 49. g4 g6 50. Ke2 c4 51. Bc1 c3 52. Ke3 f5 53. g5 h5 54. Ra6 Re8 55. Kf2 Rd8 56. Ke2 Bd3+ 0-1

[Event "Warsaw Four Seasons op 3rd"]
[Site "Warsaw"]
[Date "2010.01.30"]
[Round "6"]
[White "Kozakow, Mikolaj"]
[Black "Winiarski, Mikolaj"]
[Result "1-0"]
[WhiteElo "1522"]
[BlackElo "1725"]
[PlyCount "115"]
[EventDate "2010.01.23"]
[EventType "swiss"]
[EventRounds "9"]
[EventCountry "POL"]
[SourceTitle "EXT 2011"]
[Source "ChessBase"]
[SourceDate "2010.11.26"]
[SourceVersion "1"]
[SourceVersionDate "2010.11.26"]
[SourceQuality "1"]

1. e4 c5 2. g3 Nc6 3. Bg2 g6 4. Ne2 Bg7 5. c3 d6 6. d4 cxd4 7. cxd4 Bd7 8. 0-0 Nf6 9. f4 0-0 10. e5 dxe5 11. fxe5 Ne8 12. Qb3 Nc7 13. Nbc3 Rb8 14. Bg5 h6 15. Bf4 Na5 16. Qc2 Bf5 17. Be4 Bxe4 18. Qxe4 Nc4 19. Bc1 b5 20. b3 Nb6 21. Ba3 a5 22. Bc5 Nd7 23. b4 Nxc5 24. bxc5 b4 25. Na4 Nd5 26. Nf4 Nc3 27. Nxc3 bxc3 28. Rfc1 Rb4 29. Ne2 Kh7 30. a3 Rb2 31. Rxc3 Rxe2 32. Qxe2 Qxd4+ 33. Qe3 Bxe5 34. Rac1 Qxe3+ 35. Rxe3 Bd4 36. Kf2 e5 37. Kf3 Bxe3 38. Kxe3 f5 39. Kd3 Kg7 40. Kc4 f4 41. gxf4 exf4 42. c6 h5 43. Kd5 f3 44. c7 f2 45. Rf1 g5 46. Kc6 g4 47. Kb7 h4 48. Rxf2 Rxf2 49. c8Q Rxh2 50. Qxg4+ Kh7 51. Qf5+ Kg8 52. Qg6+ Kh8 53. Qf6+ Kh7 54. Qf5+ Kg8 55. Qd5+ Kh7 56. Qd7+ Kh8 57. Qd8+ Kg7 58. Qc7+ 1-0

[Event "Warsaw Four Seasons op 3rd"]
[Site "Warsaw"]
[Date "2010.01.24"]
[Round "5"]
[White "Mahor, Maksymilian"]
[Black "Kozakow, Mikolaj"]
[Result "1/2-1/2"]
[WhiteElo "1671"]
[BlackElo "1522"]
[PlyCount "55"]
[EventDate "2010.01.23"]
[EventType "swiss"]
[EventRounds "9"]
[EventCountry "POL"]
[SourceTitle "EXT 2011"]
[Source "ChessBase"]
[SourceDate "2010.11.26"]
[SourceVersion "1"]
[SourceVersionDate "2010.11.26"]
[SourceQuality "1"]

1. d4 d5 2. c4 e6 3. cxd5 exd5 4. Nc3 Nf6 5. Bg5 Bb4 6. Qc2 c5 7. e3 Qa5 8. Bxf6 gxf6 9. Nf3 Nc6 10. Bd3 Bg4 11. Be2 Bxf3 12. Bxf3 cxd4 13. exd4 Nxd4 14. Qd2 Nb3 15. Qe3+ Kd8 16. Rd1 Re8 17. Rxd5+ Qxd5 18. Bxd5 Nc5 19. 0-0 Rxe3 20. fxe3 Ke7 21. Ne4 Rd8 22. Nxf6 Bd2 23. Bc4 Bxe3+ 24. Kh1 Bd4 25. Nd5+ Kd6 26. Rxf7 b5 27. Bxb5 Kxd5 28. Rxh7 1/2-1/2

[Event "Warsaw City-ch"]
[Site "Warsaw"]
[Date "2009.10.03"]
[Round "5"]
[White "Kozakow, Mikolaj"]
[Black "Szewczyk, Mariusz"]
[Result "0-1"]
[WhiteElo "1521"]
[BlackElo "1721"]
[PlyCount "113"]
[EventDate "2009.09.26"]
[EventType "swiss"]
[EventRounds "9"]
[EventCountry "POL"]
[SourceTitle "EXT 2010"]
[Source "ChessBase"]
[SourceDate "2010.11.25"]
[SourceVersion "1"]
[SourceVersionDate "2010.11.25"]
[SourceQuality "1"]

1. e4 e5 2. Nf3 Nc6 3. d4 exd4 4. Bc4 Be7 5. c3 d6 6. cxd4 Nf6 7. Nc3 Nxe4 8. Qb3 d5 9. Bxd5 Nd6 10. Ne5 Nxd4 11. Qa4+ c6 12. Qxd4 cxd5 13. Qxd5 Be6 14. Qf3 Bf6 15. Bf4 Qa5 16. Qe3 Qb4 17. Rb1 Nf5 18. Qe4 Qxe4+ 19. Nxe4 Bxe5 20. Bxe5 f6 21. Bc3 Bxa2 22. Ra1 Bd5 23. f3 Bxe4 24. fxe4 Ne3 25. Kf2 Ng4+ 26. Ke2 Ke7 27. Ra5 Ke6 28. h3 Nh6 29. g4 Nf7 30. Rha1 a6 31. Rc5 Rac8 32. Rca5 Rhd8 33. Rc1 Nd6 34. e5 Nc4 35. Ra4 Nxe5 36. Rb4 b5 37. Ra1 Ra8 38. Re4 Rd6 39. Rb4 Rdd8 40. Re4 Rdc8 41. Ra5 Rc4 42. Rxc4 Nxc4 43. Ra1 Nb6 44. Bd4 Nd5 45. Kd2 a5 46. Rc1 Kd6 47. Bc5+ Kd7 48. Bd4 Rc8 49. Rd1 Kd6 50. Ra1 a4 51. Bf2 Rc4 52. Bg3+ Kc5 53. Bf2+ Kb4 54. Re1 Kb3 55. Re6 Kxb2 56. Rd6 Rc2+ 57. Ke1 0-1

[Event "Warsaw City-ch"]
[Site "Warsaw"]
[Date "2009.10.03"]
[Round "6"]
[White "Rytel, Bartosz"]
[Black "Kozakow, Mikolaj"]
[Result "1/2-1/2"]
[WhiteElo "1480"]
[BlackElo "1521"]
[PlyCount "83"]
[EventDate "2009.09.26"]
[EventType "swiss"]
[EventRounds "9"]
[EventCountry "POL"]
[SourceTitle "EXT 2010"]
[Source "ChessBase"]
[SourceDate "2010.11.25"]
[SourceVersion "1"]
[SourceVersionDate "2010.11.25"]
[SourceQuality "1"]

1. e4 e5 2. Nf3 Nc6 3. Bc4 Nf6 4. d3 d5 5. exd5 Nxd5 6. c3 Be6 7. Nbd2 Nf4 8. 0-0 Nxd3 9. Bxe6 fxe6 10. Qb3 Nc5 11. Qb5 Qd3 12. a4 a6 13. Qxd3 Nxd3 14. Ng5 Ke7 15. Nc4 h6 16. Nf3 e4 17. Nfd2 g5 18. Nxe4 Bg7 19. Rd1 Nxc1 20. Raxc1 b6 21. Rd2 Rhd8 22. Rcd1 Rxd2 23. Rxd2 Rd8 24. Rxd8 Nxd8 25. Kf1 b5 26. axb5 axb5 27. Na3 c6 28. Nc2 Nb7 29. Ke2 Nd6 30. Kd3 Nc4 31. b3 Ne5+ 32. Kd2 Ng4 33. h3 Nf6 34. Nxf6 Bxf6 35. Kd3 Kd6 36. c4 bxc4+ 37. Kxc4 Bd8 38. Ne3 Bb6 39. b4 h5 40. g3 Ke5 41. Kd3 Ba7 42. f3 1/2-1/2

[Event "LSS ZI-2009-0-00502"]
[Site "LSS email"]
[Date "2009.09.09"]
[Round "?"]
[White "Kozakow, Mikolaj"]
[Black "Laureles, Raymundo"]
[Result "0-1"]
[WhiteElo "1504"]
[BlackElo "1409"]
[PlyCount "28"]
[EventDate "2009.09.06"]
[EventType "match (corr)"]
[EventRounds "2"]
[EventCountry "GER"]
[SourceTitle "Corr 2013"]
[Source "ChessBase"]
[SourceDate "2012.11.12"]
[SourceVersion "1"]
[SourceVersionDate "2012.11.12"]
[SourceQuality "1"]

1. e4 e6 2. d4 d5 3. exd5 exd5 4. c4 Nf6 5. Nf3 Bb4+ 6. Bd2 Qe7+ 7. Qe2 0-0 8. Qxe7 Bxe7 9. cxd5 Nxd5 10. Bc4 Be6 11. 0-0 Nc6 12. Nc3 Nxc3 13. Bxe6 Ne2+ 14. Kh1 fxe6 0-1

[Event "LSS No Engine Cup 06 Preliminary 3"]
[Site "LSS email"]
[Date "2009.09.07"]
[Round "?"]
[White "Gonzaga Grego, Luis Jose"]
[Black "Kozakow, Mikolaj"]
[Result "1-0"]
[WhiteElo "1937"]
[BlackElo "1504"]
[PlyCount "29"]
[EventDate "2009.09.08"]
[EventType "tourn (corr)"]
[EventRounds "6"]
[EventCountry "GER"]
[SourceTitle "Corr 2013"]
[Source "ChessBase"]
[SourceDate "2012.11.12"]
[SourceVersion "1"]
[SourceVersionDate "2012.11.12"]
[SourceQuality "1"]

1. d4 d5 2. c4 Nf6 3. cxd5 e6 4. dxe6 Bb4+ 5. Bd2 Bxd2+ 6. Nxd2 Bxe6 7. Qa4+ Nbd7 8. Qa3 Qe7 9. Qxe7+ Kxe7 10. e4 c6 11. f4 g6 12. Bd3 Ng4 13. h3 Nh6 14. g4 f5 15. exf5 1-0

[Event "LSS No Engine Cup 06 Preliminary 3"]
[Site "LSS email"]
[Date "2009.09.07"]
[Round "?"]
[White "Kozakow, Mikolaj"]
[Black "Gyongyosi, Peter Laszlo"]
[Result "0-1"]
[WhiteElo "1504"]
[BlackElo "914"]
[PlyCount "20"]
[EventDate "2009.09.08"]
[EventType "tourn (corr)"]
[EventRounds "6"]
[EventCountry "GER"]
[SourceTitle "Corr 2013"]
[Source "ChessBase"]
[SourceDate "2012.11.12"]
[SourceVersion "1"]
[SourceVersionDate "2012.11.12"]
[SourceQuality "1"]

1. e4 d5 2. exd5 Qxd5 3. Nc3 Qa5 4. Bc4 Nf6 5. d3 Bf5 6. Bd2 c6 7. Nf3 e6 8. Nd4 Bg6 9. Qf3 Qb6 10. Na4 Qxd4 0-1

[Event "Polanica Zdroj op-D 45th"]
[Site "Polanica Zdroj"]
[Date "2009.08.20"]
[Round "3"]
[White "Kozakow, Mikolaj"]
[Black "Kustal, Emilia"]
[Result "1/2-1/2"]
[WhiteElo "1504"]
[BlackElo "1603"]
[PlyCount "111"]
[EventDate "2009.08.18"]
[EventType "swiss"]
[EventRounds "9"]
[EventCountry "POL"]
[SourceTitle "CBM 132 Extra"]
[Source "ChessBase"]
[SourceDate "2009.11.03"]
[SourceVersion "1"]
[SourceVersionDate "2009.11.03"]
[SourceQuality "1"]

1. e4 e6 2. d4 d5 3. exd5 exd5 4. c3 Bd6 5. Bd3 Ne7 6. Nf3 Bg4 7. Be3 Nbc6 8. Nbd2 Qd7 9. h3 Bh5 10. Qc2 Bg6 11. Nb3 Bxd3 12. Qxd3 a6 13. 0-0 f6 14. Rfe1 g5 15. Qe2 h5 16. Nh2 g4 17. hxg4 Bxh2+ 18. Kxh2 hxg4+ 19. Kg1 Qf5 20. Qd2 Qh5 21. Kf1 Qh1+ 22. Ke2 Qxg2 23. Rg1 Qf3+ 24. Kd3 Qe4+ 25. Ke2 Ng6 26. Kd1 0-0-0 27. Nc5 Qf3+ 28. Qe2 Qxe2+ 29. Kxe2 f5 30. Bg5 Rde8+ 31. Kd3 Rh3+ 32. Rg3 Reh8 33. Rag1 R8h5 34. Bd2 f4 35. Rxh3 Rxh3+ 36. Ke2 g3 37. fxg3 fxg3 38. Kf3 b6 39. Nxa6 Rh2 40. Be1 Rxb2 41. Bxg3 Rxa2 42. Nxc7 Nge7 43. Nb5 Rb2 44. Nd6+ Kd7 45. Rc1 Rb3 46. Ke3 Rb2 47. Kf3 Rb3 48. Ke3 Nd8 49. Kd3 Ne6 50. Ra1 Nc6 51. Be5 Nexd4 52. Bxd4 Kxd6 53. Rh1 Nxd4 54. Kxd4 Rb5 55. Rh6+ Kc7 56. Rh5 1/2-1/2

[Event "Warsaw op 04"]
[Site "Warsaw"]
[Date "2009.06.05"]
[Round "9"]
[White "Sacharewicz, Krzysztof"]
[Black "Kozakow, Mikolaj"]
[Result "0-1"]
[WhiteElo "1417"]
[BlackElo "1504"]
[PlyCount "132"]
[EventDate "2009.04.07"]
[EventType "swiss"]
[EventRounds "11"]
[EventCountry "POL"]
[SourceTitle "EXT 2012"]
[Source "ChessBase"]
[SourceDate "2011.11.24"]
[SourceVersion "1"]
[SourceVersionDate "2011.11.24"]
[SourceQuality "1"]

1. Nf3 d5 2. d4 Nf6 3. e3 e6 4. c4 c5 5. Nc3 cxd4 6. exd4 Nc6 7. cxd5 exd5 8. Bb5 Bd7 9. a3 a6 10. Ba4 Bd6 11. Bg5 Qe7+ 12. Qe2 Qxe2+ 13. Kxe2 Ne7 14. Bxf6 gxf6 15. Bxd7+ Kxd7 16. Ne1 Rae8 17. Kd2 Rhg8 18. g3 Rg6 19. Nc2 Bc7 20. Rae1 Rgg8 21. Ne3 Kd6 22. Nc2 Nc6 23. Na4 b5 24. Nc5 Nxd4 25. Nxd4 Kxc5 26. Rc1+ Kxd4 27. Rxc7 Rgf8 28. Rhc1 Re6 29. R1c6 Re4 30. Rc3 Ke5 31. Re7+ Kd6 32. Rxe4 dxe4 33. Re3 f5 34. g4 Ke5 35. gxf5 Kxf5 36. f3 exf3 37. Rxf3+ Kg4 38. Rg3+ Kf4 39. Rh3 Rh8 40. Rh6 f5 41. Ke2 Rc8 42. Rh4+ Kg5 43. Rxh7 Rc2+ 44. Kf3 Rxb2 45. h4+ Kg6 46. Rb7 Rb3+ 47. Kf4 Rxa3 48. Rb6+ Kh5 49. Kxf5 Kxh4 50. Kf4 Ra4+ 51. Ke5 Kg3 52. Kd5 Kf3 53. Re6 Ra1 54. Kc5 Kf4 55. Kb4 Kf5 56. Re2 Ra4+ 57. Kc5 Re4 58. Rd2 Re6 59. Kb4 Kf6 60. Ka5 Ke7 61. Kb4 Rd6 62. Rh2 Kd7 63. Rh7+ Kc6 64. Ra7 Kb6 65. Ra8 Rd4+ 66. Kb3 Ka5 0-1

[Event "Warsaw op 05"]
[Site "Warsaw"]
[Date "2009.05.30"]
[Round "1"]
[White "Kozakow, Mikolaj"]
[Black "Krasiewicz, Robert"]
[Result "0-1"]
[WhiteElo "1504"]
[BlackElo "2094"]
[PlyCount "88"]
[EventDate "2009.05.30"]
[EventType "swiss"]
[EventRounds "9"]
[EventCountry "POL"]
[SourceTitle "EXT 2012"]
[Source "ChessBase"]
[SourceDate "2011.11.24"]
[SourceVersion "1"]
[SourceVersionDate "2011.11.24"]
[SourceQuality "1"]

1. e4 e6 2. d4 d5 3. exd5 exd5 4. c3 Bd6 5. Bd3 Nc6 6. Nf3 Bg4 7. 0-0 Nge7 8. h3 Bh5 9. Be3 Qd7 10. Re1 0-0-0 11. a4 Rde8 12. Nbd2 f6 13. b4 g5 14. Qc2 Bg6 15. a5 Nf5 16. b5 Nd8 17. c4 Nxe3 18. Rxe3 Rxe3 19. fxe3 Qe6 20. Kf2 Re8 21. Re1 g4 22. cxd5 Bxd3 23. Qxd3 g3+ 24. Kg1 Qxd5 25. Nc4 Nf7 26. b6 axb6 27. axb6 Qe4 28. Qc3 c6 29. Nfd2 Qe7 30. e4 Bb8 31. Ne3 Nd6 32. Nc2 Nb5 33. Qb2 Qd6 34. Nf3 Qd8 35. d5 Qxb6+ 36. Kh1 Be5 37. Nxe5 Rxe5 38. dxc6 bxc6 39. Qb4 Qc5 40. Qa4 Qc3 41. Qa8+ Kc7 42. Qa2 Rc5 43. Rc1 Qd2 44. Qa1 Rxc2 0-1

[Event "Warsaw op 04"]
[Site "Warsaw"]
[Date "2009.05.28"]
[Round "11"]
[White "Ogonowski, Jakub"]
[Black "Kozakow, Mikolaj"]
[Result "1/2-1/2"]
[WhiteElo "1556"]
[BlackElo "1504"]
[PlyCount "48"]
[EventDate "2009.04.07"]
[EventType "swiss"]
[EventRounds "11"]
[EventCountry "POL"]
[SourceTitle "EXT 2012"]
[Source "ChessBase"]
[SourceDate "2011.11.24"]
[SourceVersion "1"]
[SourceVersionDate "2011.11.24"]
[SourceQuality "1"]

1. e4 e5 2. Nf3 Nc6 3. Bb5 a6 4. Bxc6 dxc6 5. d3 f6 6. Be3 Bd6 7. Nbd2 Ne7 8. Nc4 Be6 9. Nxd6+ cxd6 10. h3 0-0 11. 0-0 d5 12. exd5 cxd5 13. d4 e4 14. Nd2 Nf5 15. c3 b5 16. Nb3 Qd6 17. Nc5 Nxe3 18. fxe3 Bxh3 19. gxh3 Qg3+ 20. Kh1 Qxh3+ 21. Kg1 Qg3+ 22. Kh1 Qh3+ 23. Kg1 Qg3+ 24. Kh1 Qh3+ 1/2-1/2

[Event "Warsaw op 04"]
[Site "Warsaw"]
[Date "2009.05.25"]
[Round "6"]
[White "Kozakow, Mikolaj"]
[Black "Kalhorn, Marcin"]
[Result "1/2-1/2"]
[WhiteElo "1504"]
[BlackElo "1521"]
[PlyCount "96"]
[EventDate "2009.04.07"]
[EventType "swiss"]
[EventRounds "11"]
[EventCountry "POL"]
[SourceTitle "EXT 2012"]
[Source "ChessBase"]
[SourceDate "2011.11.24"]
[SourceVersion "1"]
[SourceVersionDate "2011.11.24"]
[SourceQuality "1"]

1. e4 d5 2. exd5 Qxd5 3. Nc3 Qa5 4. Bc4 c6 5. d3 Nf6 6. Bd2 Nbd7 7. Nf3 Qc7 8. 0-0 Nb6 9. Bb3 Bg4 10. h3 Bh5 11. Qe2 Nbd7 12. Ne4 Ne5 13. Neg5 Nxf3+ 14. Nxf3 Nd5 15. Qe5 Bxf3 16. Qxc7 Nxc7 17. gxf3 Nd5 18. c4 Nc7 19. d4 0-0-0 20. Be3 Kb8 21. Rfd1 e6 22. a3 Be7 23. Rab1 Rd7 24. Rd2 Rhd8 25. Rbd1 Bf6 26. Ba2 h6 27. b4 Bg5 28. Kf1 b5 29. Ke2 bxc4 30. Bxc4 Nb5 31. Bxb5 cxb5 32. Bxg5 hxg5 33. Ke3 Rd5 34. Rc2 Rh8 35. Rh1 Rh4 36. Rd2 Rf4 37. Rg1 Rh4 38. Rh1 Rf5 39. Rd3 Rhf4 40. Ke2 Kc7 41. Rc1+ Kd6 42. Rh1 Kd5 43. Rc1 g6 44. Rc7 Rh4 45. Rd7+ Kc6 46. Rxa7 Kb6 47. Rd7 Kc6 48. Rd8 Kc7 1/2-1/2

[Event "Warsaw op 04"]
[Site "Warsaw"]
[Date "2009.05.08"]
[Round "5"]
[White "Hoang Nghia, Le"]
[Black "Kozakow, Mikolaj"]
[Result "0-1"]
[WhiteElo "1446"]
[BlackElo "1504"]
[PlyCount "160"]
[EventDate "2009.04.07"]
[EventType "swiss"]
[EventRounds "11"]
[EventCountry "POL"]
[SourceTitle "EXT 2012"]
[Source "ChessBase"]
[SourceDate "2011.11.24"]
[SourceVersion "1"]
[SourceVersionDate "2011.11.24"]
[SourceQuality "1"]

1. e4 e5 2. f4 d5 3. exd5 exf4 4. Nf3 Be7 5. Bc4 Nf6 6. 0-0 Nxd5 7. Qe2 Nc6 8. Ng5 0-0 9. Nxh7 Bf5 10. Nxf8 Bxf8 11. Nc3 Nd4 12. Qe5 Nb4 13. Bb3 b6 14. Kh1 Bg6 15. Qxf4 Nxb3 16. axb3 Nxc2 17. Ra4 a6 18. Qf3 Qe8 19. Rh4 Be7 20. Rh3 Nd4 21. Qd1 Bf5 22. Re3 Qd7 23. Ne4 Bg4 24. Qe1 Nc2 25. Qf2 Nxe3 26. Qxf7+ Kh8 27. dxe3 Qd3 28. Qc4 Be2 29. Qxd3 Bxd3 30. Rf7 Bb4 31. Nc3 Bc2 32. Rxc7 Rd8 33. Kg1 Bxb3 34. Kf2 Bc5 35. Ne4 Rf8+ 36. Kg3 Rf5 37. Kg4 Be6 38. Kh4 Bf8 39. Ng5 Ba2 40. e4 Rf1 41. Be3 Rh1 42. Rc8 Kg8 43. Bxb6 Rxh2+ 44. Kg3 Rh6 45. Bc5 Rf6 46. e5 Rf5 47. Kg4 g6 48. Bxf8 Rxf8 49. Rc6 Bb1 50. Rxa6 Rf2 51. Kg3 Rxb2 52. e6 Rb3+ 53. Kf4 Rb8 54. Ke5 Rb5+ 55. Kd6 Rb8 56. e7 Bd3 57. Ra3 Bc4 58. Rc3 Ba6 59. Rc6 Bb5 60. Rc7 Ba4 61. Ra7 Bb5 62. Rb7 Rxb7 63. Ne6 Rb6+ 64. Ke5 Be8 65. Nd8 Rb5+ 66. Kd6 Rg5 67. Ne6 Rxg2 68. Nc7 Rd2+ 69. Ke6 Ba4 70. Kf6 Rg2 71. Nd5 g5 72. Kg6 g4 73. Nf6+ Kh8 74. Kg5 g3 75. Kg4 Re2 76. Kxg3 Rxe7 77. Nd5 Re4 78. Nf6 Rc4 79. Kf3 Kg7 80. Ng4 Bd1+ 0-1

[Event "Warsaw op 04"]
[Site "Warsaw"]
[Date "2009.05.01"]
[Round "4"]
[White "Kozakow, Mikolaj"]
[Black "Palka, Dominika"]
[Result "0-1"]
[WhiteElo "1504"]
[BlackElo "1596"]
[PlyCount "86"]
[EventDate "2009.04.07"]
[EventType "swiss"]
[EventRounds "11"]
[EventCountry "POL"]
[SourceTitle "EXT 2012"]
[Source "ChessBase"]
[SourceDate "2011.11.24"]
[SourceVersion "1"]
[SourceVersionDate "2011.11.24"]
[SourceQuality "1"]

1. e4 Nf6 2. e5 Nd5 3. c4 Nb6 4. d4 d6 5. exd6 cxd6 6. Nf3 Bg4 7. Bg5 Nc6 8. Be2 Bxf3 9. gxf3 g6 10. Nc3 Bg7 11. d5 Nd4 12. 0-0 Rc8 13. Bd3 0-0 14. Be3 Nxc4 15. Bxc4 Rxc4 16. Rc1 Qa5 17. Re1 b5 18. Kg2 b4 19. Bxd4 Rxd4 20. Qa4 Rxd5 21. Qxa5 Rxa5 22. Nd1 e6 23. Rc4 Rb8 24. Ree4 Rg5+ 25. Kf1 a5 26. Rc6 d5 27. Re2 d4 28. Rd2 Rh5 29. Kg2 Be5 30. Rc5 Rxh2+ 31. Kg1 Rh5 32. Kf1 Bf6 33. Rc6 Rd8 34. Rd3 Rdd5 35. Rc8+ Kg7 36. Ke2 Bg5 37. Rc4 Re5+ 38. Kf1 Rh1+ 39. Kg2 Ree1 40. f4 Bf6 41. Rc1 e5 42. fxe5 Bxe5 43. Kf3 Rh3+ 0-1

[Event "Warsaw op 04"]
[Site "Warsaw"]
[Date "2009.04.17"]
[Round "2"]
[White "Kozakow, Mikolaj"]
[Black "Jarmula, Lukasz"]
[Result "1-0"]
[WhiteElo "1504"]
[BlackElo "1574"]
[PlyCount "79"]
[EventDate "2009.04.07"]
[EventType "swiss"]
[EventRounds "11"]
[EventCountry "POL"]
[SourceTitle "EXT 2012"]
[Source "ChessBase"]
[SourceDate "2011.11.24"]
[SourceVersion "1"]
[SourceVersionDate "2011.11.24"]
[SourceQuality "1"]

1. e4 c5 2. Nc3 Nc6 3. f4 g6 4. Nf3 Bg7 5. Bc4 e6 6. Bb3 Nge7 7. d3 0-0 8. 0-0 Na5 9. Be3 d6 10. a3 Nxb3 11. cxb3 Nc6 12. d4 cxd4 13. Nxd4 a6 14. Qd2 Nxd4 15. Bxd4 e5 16. Be3 Be6 17. b4 Rb8 18. Rad1 Bb3 19. Rc1 b5 20. f5 Qe7 21. Nd5 Bxd5 22. Qxd5 Rfd8 23. Rc6 gxf5 24. Rxf5 Qb7 25. Rf1 Bf8 26. Bg5 Rdc8 27. Rxc8 Qxd5 28. Rxf8+ Rxf8 29. exd5 f5 30. Be7 Re8 31. Bxd6 f4 32. Bc7 Re7 33. d6 Rf7 34. Re1 f3 35. gxf3 e4 36. fxe4 h5 37. e5 h4 38. e6 Rg7+ 39. Kh1 h3 40. Rg1 1-0

[Event "POL-ch U13"]
[Site "Sekocin"]
[Date "2008.10.16"]
[Round "5.6"]
[White "Kozakow, Mikolaj"]
[Black "Barszcz, Michal"]
[Result "0-1"]
[WhiteElo "1429"]
[BlackElo "1738"]
[PlyCount "142"]
[EventDate "2008.10.13"]
[EventType "swiss"]
[EventRounds "9"]
[EventCountry "POL"]
[SourceTitle "EXT 2023"]
[Source "ChessBase"]
[SourceDate "2022.10.05"]
[SourceVersion "1"]
[SourceVersionDate "2022.10.05"]
[SourceQuality "1"]

1. e4 c5 2. Nf3 g6 3. c3 Bg7 4. d4 cxd4 5. cxd4 Nc6 6. Bb5 Qb6 7. Bxc6 dxc6 8. h3 Nf6 9. Nc3 0-0 10. 0-0 Rd8 11. Rb1 e6 12. Be3 Qc7 13. Bg5 Rd7 14. Ne5 Rd8 15. Nf3 Rd7 16. Ne5 Rd8 17. Ng4 Nxg4 18. hxg4 Rxd4 19. Qf3 b6 20. Rfe1 Bb7 21. Rbc1 a6 22. Bf6 Bxf6 23. Qxf6 Rad8 24. f4 Rd2 25. f5 exf5 26. gxf5 Qg3 27. Re2 R2d6 28. Qe7 R6d7 29. Qf6 Rd2 30. Rce1 c5 31. Nd5 Rd6 32. Qc3 Qxc3 33. Nxc3 R6d4 34. f6 Kf8 35. e5 Bc8 36. Kf2 Be6 37. Ke3 R4d3+ 38. Kf2 Ke8 39. a3 h5 40. g3 Bg4 41. Rxd2 Rxd2+ 42. Ke3 Rxb2 43. Ra1 Rg2 44. Ne4 Re2+ 45. Kf4 Rb2 46. Nd6+ Kf8 47. Ne4 c4 48. Rc1 b5 49. Ke3 Rb3+ 50. Rc3 Bf5 51. Rxb3 cxb3 52. Nd2 b2 53. Kd4 b1Q 54. Nxb1 Bxb1 55. Kc5 g5 56. Kb6 h4 57. gxh4 gxh4 58. Kxa6 Bd3 59. Ka5 h3 60. a4 bxa4 61. Kxa4 h2 62. Kb3 h1Q 63. Kc3 Qd5 64. Kd2 Bb5+ 65. Kc3 Qxe5+ 66. Kb4 Qd5 67. Kc3 Qc4+ 68. Kb2 Qd3 69. Ka1 Qd2 70. Kb1 Bc4 71. Ka1 Qa2# 0-1

[Event "Polanica Zdroj op-D 44th"]
[Site "Polanica Zdroj"]
[Date "2008.08.24"]
[Round "6"]
[White "Oszczanowski, Witold"]
[Black "Kozakow, Mikolaj"]
[Result "1-0"]
[WhiteElo "1483"]
[BlackElo "1426"]
[PlyCount "83"]
[EventDate "2008.08.19"]
[EventType "swiss"]
[EventRounds "9"]
[EventCountry "POL"]
[SourceTitle "EXT 2009"]
[Source "ChessBase"]
[SourceDate "2008.11.26"]
[SourceVersion "1"]
[SourceVersionDate "2008.11.26"]
[SourceQuality "1"]

1. e4 e5 2. Bc4 Nf6 3. d3 Bc5 4. Nc3 c6 5. Bb3 d5 6. Bg5 d4 7. Nce2 Be6 8. Nf3 Nbd7 9. Qd2 Qc7 10. h3 h6 11. Bh4 0-0-0 12. g4 g5 13. Bg3 Bd6 14. 0-0-0 Bxb3 15. axb3 Qb6 16. Bh2 Qa6 17. Kb1 Qb6 18. Ng3 Bb4 19. Qe2 a5 20. Nf5 Rde8 21. Nd2 Bxd2 22. Qxd2 Kc7 23. f3 Ra8 24. Qf2 a4 25. Qxd4 Qxd4 26. Nxd4 axb3 27. Nxb3 Kd8 28. d4 exd4 29. Nxd4 Ke8 30. Nf5 b5 31. Rhe1 Ng8 32. Bd6 f6 33. e5 fxe5 34. Bxe5 Nxe5 35. Rxe5+ Kf7 36. Rd7+ Kf6 37. Rc5 Ke6 38. Rd6+ Kf7 39. Rcxc6 Ra7 40. Nxh6+ Nxh6 41. Rxh6 Rxh6 42. Rxh6 1-0